[Event "FIDE Online-ch U16 Open 2020"]
[Site "Online"]
[Date "2020.12.19"]
[Round "1.8"]
[White "Raja Rithvik R"]
[Black "Cardoso Cardoso, Jose Gabriel"]
[Result "1/2-1/2"]
[WhiteElo "2408"]
[BlackElo "2414"]
[Annotator "TA"]
[PlyCount "133"]
[EventDate "2020.12.19"]
[EventType "k.o."]
[EventCountry "NET"]
[SourceTitle "playchess.com"]
[Source "ChessBase"]
[SourceQuality "1"]

{[%evp 11,133,17,19,17,22,22,32,34,37,43,50,38,41,38,67,57,77,77,75,73,72,74,118,89,97,72,86,68,74,66,84,79,75,61,87,0,76,67,81,81,63,38,37,20,40,14,12,0,31,-18,-39,-10,-13,-83,11,-62,-76,-92,-94,-116,-116,-113,-93,-92,-91,-94,-77,-90,-69,-87,-66,-66,-66,-66,-66,-66,-66,-66,-66,-66,-66,-66,-59,-59,-59,-106,-100,-102,-113,-105,-106,-156,-77,-76,-25,-25,-13,-13,-14,-15,-15,-15,-17,-98,-89,-129,-89,-89,-89,-84,-72,-97,0,-91,-95,-89,0,0,0,-104,0,0,0,-109]} 1. d4 Nf6 2. c4 e6 3. g3 d5 4. Nf3 dxc4 5. Bg2 a6 6. O-O Nc6 7. Bg5 {E04: Open Catalan: 5 Nf3.} Be7 8. e3 Rb8 {Recently 8...0-0 got a lot of attention.} 9. Qc1 {White is slightly better.} O-O 10. Qxc4 h6 11. Bxf6 Bxf6 12. Nc3 Bd7 {[#]} 13. Rfd1 $146 ({Predecessor:} 13. Ne4 Qe7 14. Rfd1 Rfc8 15. Rac1 g6 16. Nxf6+ Qxf6 17. Qc3 Be8 18. Nd2 Qg7 19. Ne4 {1-0 (67) Gleizerov,E (2514)-Cornelisse,J (2123) Amsterdam 2017}) 13... Ne7 14. Ne4 Nd5 15. Nxf6+ Nxf6 16. Ne5 c6 17. Rac1 Qe7 18. b4 Rfc8 19. a4 Be8 20. Nd3 Nd5 {[%cal Bf6d5,Bd5c7,Bc7b5,Bb5d4][%mdl 32]} 21. a5 Rd8 22. Qc5 Qc7 23. Qc4 Qe7 $1 24. Nc5 f6 25. e4 Nc7 26. Qc3 Bh5 27. Rd2 Nb5 28. Qb2 e5 29. d5 Nd4 30. Rc3 cxd5 31. exd5 Bf7 32. Re3 (32. Nb3 $11 {remains equal.}) 32... Qf8 (32... Qd6 $17 33. Nb3 Qxb4 34. Nxd4 Qxb2 35. Rxb2 exd4) 33. h4 (33. f4 $11 Nf5 34. Red3 exf4 35. gxf4) 33... Bxd5 $15 34. Bxd5+ Rxd5 35. Ne6 Qd6 36. Nxd4 exd4 37. Red3 {[%cal Rd3d4] [#]} Rd8 $1 38. Rd1 h5 39. R1d2 Kh8 40. Rd1 Qe5 41. Qd2 Qf5 42. Qb2 {[%cal Rd3d4]} Qg4 43. Kg2 Qe4+ 44. Kg1 Kh7 45. Qd2 Qf5 46. Kg2 R5d6 47. Qe2 Qd5+ 48. Qf3 Kg6 49. Qxd5 Rxd5 $17 {[%mdl 4096] Endgame KRR-KRR} 50. Kf3 Kf5 51. Re1 R8d7 (51... Rb5 $142 52. Rb1 g5) 52. Re4 g5 ({Black should play} 52... R5d6 $17) 53. hxg5 $1 $11 fxg5 {And now ...g4+ would win.} 54. g4+ hxg4+ 55. Rxg4 Kf6 56. Kg3 Ke7 57. Re4+ {[#]} (57. Kf3 $1 $11) 57... Kd8 $1 $17 58. Re1 Kc7 {Hoping for ...Kc6.} 59. Rc1+ Kd6 60. Rc8 Ke5 61. Re8+ {Cut Off at move 61} Kd6 {...Kc6 is the strong threat.} 62. Rc8 $1 Ke7 63. Kg4 Rb5 64. Rc4 Rbd5 65. Rc8 R7d6 66. Rc7+ $1 Rd7 67. Rc8 {Weighted Error Value: White=0.17/Black=0.12} 1/2-1/2

[Event "FIDE Online-ch U16 Open 2020"]
[Site "Online"]
[Date "2020.12.19"]
[Round "2.1"]
[White "Keymer, Vincent"]
[Black "Cardoso Cardoso, Jose Gabriel"]
[Result "1-0"]
[WhiteElo "2588"]
[BlackElo "2414"]
[Annotator "TA"]
[PlyCount "145"]
[EventDate "2020.12.19"]
[EventType "k.o."]
[EventCountry "NET"]
[SourceTitle "playchess.com"]
[Source "ChessBase"]
[SourceQuality "1"]

{[%evp 9,145,29,24,25,29,33,31,20,28,27,30,27,31,24,31,27,31,0,30,28,30,27,41,38,42,21,22,31,31,29,28,36,85,85,103,75,84,76,94,50,50,50,50,50,56,56,82,17,81,49,90,88,107,102,102,103,116,76,92,92,92,74,76,51,83,83,104,68,90,51,125,125,125,125,125,125,125,122,123,0,143,0,120,0,110,66,229,229,229,229,363,229,363,363,452,395,440,275,435,386,362,362,403,360,360,356,639,618,606,570,781,750,1089,1075,1193,1189,1214,1245,1199,1029,1167,1208,2839,2761,2280,2280,29982,2395,29971,29972,29980,29981,29985,29986,29987,29988,29988,29989]} 1. d4 Nf6 2. c4 e6 3. Nf3 d5 4. Nc3 a6 5. cxd5 exd5 6. Bg5 {D37: Queen's Gambit Declined: 5 Bf4.} Be6 7. e3 Nbd7 8. h3 {White is slightly better.} Bd6 9. Bd3 c6 10. O-O O-O 11. Qd2 h6 12. Bf4 Qb8 {[#]} 13. Rab1 $146 ({Predecessor:} 13. Rfe1 Nh5 14. Bxd6 Qxd6 15. Ne2 Rfe8 16. Rac1 g6 17. Nf4 Ng7 18. Nxe6 Nxe6 19. e4 dxe4 20. Bxe4 {0-1 (66) Steingrimsson,H (2549)-Niemann,H (2436) New York 2019}) 13... Re8 14. Bxd6 Qxd6 15. Rfc1 g6 16. Qc2 Kg7 17. Na4 Ne4 18. b4 {[%cal Bb2b4,Bb4c5][%mdl 32]} Ng5 {Black wants to play ...Nxf3+.} 19. Nh2 Re7 20. Nc5 Nxc5 21. bxc5 Qd7 22. h4 Ne4 23. Nf1 Rae8 24. f3 Nf6 25. Rb3 Qd8 26. Qf2 Bc8 27. Bc2 Nh7 28. g4 ({White should play} 28. h5 $16) 28... Nf6 (28... f5 $11) 29. Qg3 h5 {[%cal Rh5g4]} 30. g5 Ng8 31. Rd1 Rc7 32. Qf4 Rce7 33. a3 Qc7 34. Qxc7 Rxc7 35. Rd2 Ne7 36. Ng3 Be6 37. Bb1 Rd8 38. Rb4 Bc8 39. Kf2 Rcd7 ({Better is} 39... Rf8 $14) 40. Rdb2 $16 Rc7 41. Ne2 Re8 42. Nf4 Ng8 43. Nd3 Ne7 44. Nf4 (44. Ne5 $16) 44... Rd8 (44... Ng8 $1 $11) 45. Ne2 Re8 $1 46. Ng3 Rd8 $1 47. e4 Rf8 $2 {[#] A mistake that costs the game.} (47... dxe4 $14 48. fxe4 a5) 48. e5 $1 $18 Re8 49. f4 Rf8 (49... Rh8 {keeps fighting.} 50. Ke3 a5) 50. Ke3 Re8 {[#]} (50... Rh8 {was worth a try.} 51. Rb6 Nf5+ 52. Nxf5+ gxf5) 51. f5 $1 {[%mdl 512]} Kf8 (51... Bxf5 52. Bxf5) 52. Kf3 Rd8 53. Kg2 Re8 (53... gxf5 {was called for.} 54. Nxh5 Ng6) 54. Rf2 {Black must now prevent fxg6.} gxf5 55. Nxh5 Ng6 56. Kg3 a5 57. Rb3 Be6 $2 (57... Ne7 58. Nf6 Rd8) 58. Bxf5 Bxf5 59. Rxf5 Rd8 60. Rbf3 Kg8 61. Nf6+ {Cut Off at move 61} Kg7 62. Ng4 Nf8 63. Nh6 Rdd7 64. Rf6 Ne6 65. Nf5+ Kg8 66. g6 fxg6 67. Rxg6+ Ng7 68. h5 (68. e6 $142 Re7 69. Nxe7+ Rxe7 70. Rff6 Rc7 71. h5 Kh7 72. Rf7 Rxf7 73. exf7 Nxh5+ 74. Kf3 Kxg6 75. f8=Q) 68... Kh7 69. Kg4 {White mates.} Nxf5 70. Rxf5 Re7 71. Kg5 Rc8 72. e6 Rce8 73. Rf7+ {Weighted Error Value: White=0.25/Black=0.35} 1-0

[Event "FIDE Online-ch U16 Open 2020"]
[Site "Online"]
[Date "2020.12.19"]
[Round "2.1"]
[White "Hong, Andrew"]
[Black "Huang, Renjie"]
[Result "1-0"]
[WhiteElo "2449"]
[BlackElo "2422"]
[Annotator "TA"]
[PlyCount "23"]
[EventDate "2020.12.19"]
[EventType "k.o."]
[EventCountry "NET"]
[SourceTitle "playchess.com"]
[Source "ChessBase"]
[SourceQuality "1"]

{[%evp 18,23,28,26,53,50,62,66]} 1. e4 c5 2. Nf3 Nc6 3. Bb5 g6 4. Bxc6 bxc6 5. O-O Bg7 6. Re1 Nh6 7. c3 O-O 8. h3 f6 9. d4 cxd4 10. cxd4 d5 {B31: Sicilian: 2...Nc6 3 Bb5 g6.} 11. Nc3 e6 {[#]} 12. Bf4 $146 ({Predecessor:} 12. b3 dxe4 13. Nxe4 Nf7 14. Bb2 Re8 15. Rc1 Nd6 16. Nc5 Nb7 17. Na4 Bd7 18. Nd2 {1-0 (29) Feller,S (2610)-Klekowski,M (2439) Cappelle-la-Grande 2016}) 1-0

[Event "FIDE Online-ch U16 Open 2020"]
[Site "Online"]
[Date "2020.12.19"]
[Round "2.1"]
[White "Pour Agha Bala, Amirreza"]
[Black "Kacharava, Nikolozi"]
[Result "1/2-1/2"]
[WhiteElo "2432"]
[BlackElo "2443"]
[Annotator "TA"]
[PlyCount "150"]
[EventDate "2020.12.19"]
[EventType "k.o."]
[EventCountry "NET"]
[SourceTitle "playchess.com"]
[Source "ChessBase"]
[SourceQuality "1"]

{[%evp 12,150,29,23,22,10,26,-4,0,-2,0,-8,7,-24,-22,-16,-16,-13,-2,-22,-16,-23,-12,-23,-8,-21,-17,-13,22,2,95,81,92,77,93,108,76,80,100,41,51,56,60,55,52,0,34,23,65,83,68,76,63,75,62,80,71,69,72,76,77,58,46,45,68,8,108,64,64,39,64,64,125,114,107,64,64,74,74,15,16,14,15,29,74,0,0,0,0,0,8,0,0,0,0,0,0,0,0,0,0,0,0,0,0,0,0,0,0,0,0,0,8,8,8,8,8,8,8,8,8,8,8,8,8,8,8,8,8,8,8,8,8,8,8,8,8,8,8,0,0]} 1. Nf3 d5 2. g3 Nd7 3. Bg2 e5 4. O-O Ngf6 5. c4 dxc4 6. Qa4 Bd6 7. Qxc4 O-O {A07: Réti Opening: New York and Capablanca Systems.} 8. d3 c6 9. Nc3 {[#] 9.Qc2 is setting a new trend.} Nb6 $146 ({Predecessor:} 9... h6 10. a3 a5 11. Be3 Nb6 12. Bxb6 Qxb6 13. Na4 Qc7 14. Rac1 Be6 15. Qc2 Rfe8 {0-1 (79) Ladva,O (2522)-Navara,D (2740) Katowice 2017}) 10. Qb3 h6 11. Qc2 a5 12. Nd2 Re8 13. Nde4 Nxe4 14. Nxe4 Bf8 15. Bd2 Nd5 16. a3 Bg4 17. Rfe1 Qb6 18. Nc3 Be6 19. Na4 Qa7 20. Rac1 f6 (20... c5 $11 {remains equal.}) 21. e4 $1 $36 {[%cal Re4d5][%mdl 2048] White is on the roll.} Nc7 22. Be3 Qa6 23. d4 $1 exd4 24. Bxd4 Qb5 {Threatens to win with ...Bb3.} 25. Nc5 (25. Re3 $16) 25... Bxc5 $1 $14 26. Bxc5 Bb3 27. Qc3 {And now Bf1 would win.} Ne6 28. Bd6 ({Better is} 28. Bf1 $14 Qxc5 29. Qxb3) 28... a4 29. e5 Bd5 30. Bxd5 Qxd5 31. Rcd1 Qb3 32. Qxb3 axb3 33. exf6 gxf6 34. Bb4 c5 35. Bc3 Kf7 36. Rd6 Ra6 37. Rd5 Rc6 38. f4 (38. Bd2 $14) 38... Nd4 (38... Re7 $11) 39. Rd7+ Kf8 {...Nf3+ is the strong threat.} 40. Kf2 Rxe1 41. Kxe1 {[%mdl 4096] Endgame KRB-KRN} Re6+ {[#]} (41... Nb5 $14) 42. Kd1 $1 $16 Nb5 43. Rxb7 Nxc3+ 44. bxc3 {KR-KR} c4 45. Rb4 (45. a4 $16) 45... Rc6 $1 $11 46. a4 Ke7 47. a5 Ra6 {[#]} 48. Rxc4 ({White should play} 48. Rb5 $1 $16) 48... Rxa5 {aiming for ...Ra1+.The position is equal.} 49. Rb4 Ra2 $1 50. Rxb3 {With the idea h4.} Rxh2 51. Ke1 Rg2 52. c4 Rc2 53. Rb7+ Ke6 54. Rc7 Rg2 55. Rg7 Rc2 56. Rg6 Rxc4 57. Rxh6 Rc2 58. Rh5 Rg2 59. Rh3 Kf5 60. Kf1 Ra2 61. Rh4 Rb2 62. Kg1 Ra2 63. Rh2 Ra1+ 64. Kg2 Kg6 65. Kh3 f5 66. Rb2 Rh1+ 67. Kg2 Ra1 68. Rb6+ Kf7 69. Kf2 Rc1 70. Ke3 Rc3+ 71. Kd4 Rxg3 72. Ke5 Ra3 73. Kxf5 Ra5+ 74. Kg4 Rc5 75. f5 Rc1 {Accuracy: White = 84%, Black = 85%.} 1/2-1/2

[Event "FIDE Online-ch U16 Open 2020"]
[Site "Online"]
[Date "2020.12.19"]
[Round "2.1"]
[White "Svane, Frederik"]
[Black "Bjerre, Jonas Buhl"]
[Result "1-0"]
[WhiteElo "2421"]
[BlackElo "2551"]
[Annotator "TA"]
[PlyCount "133"]
[EventDate "2020.12.19"]
[EventType "k.o."]
[EventCountry "NET"]
[SourceTitle "playchess.com"]
[Source "ChessBase"]
[SourceQuality "1"]

{[%evp 14,133,8,5,14,10,24,18,40,14,22,12,28,17,10,0,5,8,30,0,17,-6,-12,0,3,15,0,-5,99,87,78,83,89,59,80,69,60,62,119,110,118,123,121,112,117,116,115,118,131,134,164,94,106,85,154,104,94,101,104,94,243,235,305,328,335,202,291,301,430,421,417,392,497,505,528,516,517,493,588,587,538,510,580,579,582,677,660,623,718,743,794,784,768,677,29979,29980,29980,29980,29981,29981,29981,29982,29982,29983,29983,29984,29984,29985,29985,29986,29988,29987,29987,29988,29988,29989,29989,29990,29996,29990,29997,29998]} 1. e4 c5 2. Nf3 d6 3. d4 cxd4 4. Nxd4 Nf6 5. Nc3 a6 6. Bd3 e5 7. Nde2 Be7 8. O-O Be6 {B90: Sicilian Najdorf: Unusual White 6th moves, 6 Be3 Ng4 and 6 Be3 e5.} 9. f4 Qc7 10. Ng3 Nbd7 {The position is equal.} 11. Kh1 exf4 12. Bxf4 Ne5 {[#]} 13. Qd2 $146 ({Predecessor:} 13. Nf5 Bxf5 14. exf5 Nxd3 15. Qxd3 O-O 16. Rad1 Rfd8 17. Bg5 Rac8 18. Rfe1 d5 19. Bxf6 Bxf6 20. Nxd5 Qxc2 21. Nxf6+ gxf6 22. Qxc2 {1-0 (22) Gavrilescu,D (2473)-Arunnuntapanich,T (2064) chess.com INT 2020}) 13... O-O 14. Nce2 Ng6 15. Bg5 Ng4 16. Bxe7 Qxe7 17. Nf5 Bxf5 18. exf5 Qh4 {[%csl Gg4][%cal Rh4h2]} 19. h3 N6e5 20. Qf4 {[%mdl 64] [#] Pin} Rfe8 (20... g5 $11 21. Qg3 Qxg3 22. Nxg3 Nxd3 23. cxd3 Nf6) 21. Nc3 $36 {[%mdl 2048] Black is under strong pressure.} Qh6 22. Qxh6 Nxh6 23. Rad1 Rac8 24. g4 {[#] Strongly threatening g5.} Kf8 25. f6 gxf6 (25... g6 $14) 26. Rxf6 Re6 27. Rf2 Nxd3 28. Rxd3 Ng8 29. Rdf3 f6 30. Nd5 Kg7 31. Kg2 Rf8 32. Kg3 ({White should play} 32. Nf4 $18 Re5 33. Nh5+ Kg6 34. Rb3) 32... Re5 33. Rd2 h5 (33... f5 $142) 34. Ne3 hxg4 35. hxg4 Nh6 36. Rxd6 Rfe8 {This costs Black the game.} (36... Rf7 $16 {was necessary.}) 37. Nd5 $18 f5 38. Rd7+ Kf8 39. gxf5 Rxf5 (39... b5 $142 40. c3 Rxf5) 40. Rxb7 Re2 (40... Rf7 $142 41. Rfxf7+ Nxf7) 41. Ne3 Rxf3+ 42. Kxf3 {[%mdl 4096] Endgame KRN-KRN} Rd2 43. Rb6 Nf7 44. Rxa6 Ke7 45. a4 Ng5+ 46. Kf4 Ne6+ 47. Ke5 Nc5 48. Ra7+ Kd8 49. b4 Nd7+ 50. Ke4 Kc8 51. a5 Nf6+ 52. Kf5 Nd7 53. Ke6 Re2 54. Rxd7 {White mates.} Rxe3+ {KR-KR} 55. Kd6 Rc3 56. Rg7 Rxc2 57. b5 {[%cal Bb4b5,Bb5b6][%mdl 32]} Rh2 58. a6 {[%cal Rg7g8]} Kb8 59. b6 {[%cal Rg7g8]} Rh6+ 60. Kc5 {[%cal Rg7g8]} Rh5+ 61. Kd4 {[%cal Rg7g8] Cut Off at move 61} Rh8 62. Rc7 Rh4+ 63. Kc5 Rh5+ 64. Kc6 Rh6+ 65. Kb5 Rh8 66. a7+ Ka8 67. Ka6 {Weighted Error Value: White=0.13/Black=0.27} 1-0

[Event "FIDE Online-ch U16 Open 2020"]
[Site "Online"]
[Date "2020.12.19"]
[Round "2.2"]
[White "Bjerre, Jonas Buhl"]
[Black "Svane, Frederik"]
[Result "1/2-1/2"]
[WhiteElo "2551"]
[BlackElo "2421"]
[Annotator "TA"]
[PlyCount "113"]
[EventDate "2020.12.19"]
[EventType "k.o."]
[EventCountry "NET"]
[SourceTitle "playchess.com"]
[Source "ChessBase"]
[SourceQuality "1"]

{[%evp 9,113,0,15,22,29,20,25,25,25,17,27,27,27,25,25,25,29,29,32,28,35,32,32,35,33,25,39,26,31,21,63,66,232,223,277,278,267,276,277,280,277,261,529,529,507,233,208,26,29,0,0,0,0,0,0,0,0,0,4,5,12,8,8,8,8,8,15,8,8,8,8,0,0,0,0,-8,-8,-8,0,-8,87,-8,-8,-137,-137,-389,-313,-29970,-29971,-29970,-29971,-29972,-29972,-29970,0,0,0,0,0,0,0,0,0,0,0,0]} 1. d4 Nf6 2. c4 e6 3. Nf3 d5 4. g3 Bb4+ 5. Bd2 Bd6 6. Bg2 {E01: Catalan: Early deviations.} O-O 7. O-O Nbd7 8. c5 {White has an edge.} Be7 9. Nc3 c6 10. b4 b6 11. Qc2 a5 12. a3 Ba6 13. Rfb1 h6 14. Bf4 Nh5 15. Be5 Nhf6 16. h3 Qc8 17. Bf4 {[#]} axb4 $146 ({Predecessor:} 17... Re8 18. Rc1 Bd8 19. e4 dxe4 20. Nxe4 Nxe4 21. Qxe4 Nf6 22. Qe1 Nd5 23. Bd6 axb4 24. axb4 Bb5 25. Ne5 bxc5 26. bxc5 {1-0 (60) Markus,R (2602)-Horvath,J (2437) Hungary 2020}) 18. axb4 Qb7 19. Nd2 Ra7 20. e4 {And now exd5 would win.} dxe4 $2 (20... Rc8 $14) 21. Ndxe4 $18 ({Not} 21. Ncxe4 Nd5 $14) ({Stronger than} 21. Bxe4 Nxe4 22. Ndxe4 (22. Qxe4 Nf6 $11) 22... Rfa8 $14) 21... Nd5 22. b5 Bxb5 23. Nxb5 Rxa1 24. Rxa1 cxb5 25. c6 {[%mdl 64] [#] Double Attack} Nb4 $2 (25... Qc8 26. Nd6 Bxd6 27. Bxd6 Re8 28. Bxd5 exd5 29. cxd7 Qxd7) 26. cxb7 Nxc2 27. Ra8 (27. Rc1 $142 Nxd4 28. Rc7 Ne2+ 29. Kf1 Nxf4 30. gxf4) 27... Nxd4 {With the idea ...Ne2+.} 28. b8=Q $2 (28. Be3 $18 Bc5 29. Rc8) 28... Nxb8 $11 29. Rxb8 Ne2+ 30. Kf1 Nxf4 31. Rxf8+ Kxf8 32. gxf4 f5 33. Ng3 Bd6 34. Ne2 {next Bc6 is good for White.} Kf7 35. Bc6 b4 36. Ba4 {Black should prevent Ke1.} Kf6 37. Kg2 g5 38. Kf3 e5 39. fxe5+ Kxe5 40. Ng3 Bc5 41. Ke2 g4 42. h4 f4 43. Nf1 Kd4 44. h5 Kc3 {[#]} (44... Ke4 $11 {keeps the balance.}) 45. Nd2 (45. Bd7 $1 $16) 45... f3+ 46. Kd1 (46. Ke1 $1 $11) 46... Bxf2 $17 47. Ne4+ $2 {[%mdl 8192]} (47. Bd7 $17 {was called for.} g3 48. Bh3) 47... Kd4 $19 48. Nxf2 $2 (48. Bc6 $19 Ke3 49. Nd2) 48... g3 49. Nh3 Ke3 50. Bc6 b3 51. Kc1 f2 $2 (51... g2 {mates} 52. Bxf3 Kxf3 53. Kb2 Kg3 54. Ng1 Kf2 55. Nh3+ Kf1 56. Kc3 g1=Q 57. Nxg1 Kxg1 58. Kxb3 Kg2 59. Kc4 Kf3 60. Kb4 Kf4 61. Kc3 Kg5 62. Kb3 Kxh5 63. Kc4 Kg4 64. Kd3 h5 65. Ke3 h4 66. Ke2 h3 67. Kf2 b5 68. Ke3 h2 69. Kd4 h1=Q 70. Kc5 Qe4 71. Kxb5 Kf4 72. Kc5 Ke5 73. Kb6 Qb4+ 74. Kc6 Ke6 75. Kc7 Qb5 76. Kc8 Kd6 77. Kd8 Qd7#) 52. Bg2 $11 {The position is equal.} Ke2 53. Nf4+ Ke1 54. Nd3+ Ke2 55. Nf4+ Ke1 56. Nd3+ Ke2 57. Nf4+ {White used his chance.  Weighted Error Value: White=0.41/Black=0.26} 1/2-1/2

[Event "FIDE Online-ch U16 Open 2020"]
[Site "Online"]
[Date "2020.12.19"]
[Round "2.2"]
[White "Kacharava, Nikolozi"]
[Black "Pour Agha Bala, Amirreza"]
[Result "0-1"]
[WhiteElo "2443"]
[BlackElo "2432"]
[Annotator "TA"]
[PlyCount "110"]
[EventDate "2020.12.19"]
[EventType "k.o."]
[EventCountry "NET"]
[SourceTitle "playchess.com"]
[Source "ChessBase"]
[SourceQuality "1"]

{[%evp 13,109,29,29,15,20,3,48,45,51,37,37,45,39,52,36,39,32,33,34,39,27,0,0,0,8,22,31,0,0,0,0,0,13,0,0,0,0,0,0,-18,-7,-37,0,-153,-156,-176,-160,-184,-149,-179,-137,-151,0,-127,-124,-156,-127,-156,-147,-391,-344,-559,-477,-635,-631,-659,-658,-656,-646,-629,-600,-1943,-1916,-1162,-710,-727,-722,-827,-793,-810,-799,-808,-798,-29977,-29978,-29978,-29979,-29979,-29980,-29980,-29981,-29981,-29982,-29982,-29983,-29998,-29999,-29999]} 1. e4 c5 2. Nf3 d6 3. d4 cxd4 4. Nxd4 Nf6 5. Nc3 Nc6 6. Bg5 e6 7. Bb5 Bd7 8. Qd3 {is now more promising than 8.Bxc6. B62: Sicilian: Richter-Rauzer: 6...e6: Unusual White 7th moves.} Be7 9. O-O-O {[#]} Qa5 $146 ({Predecessor:} 9... a6 10. Bxc6 bxc6 11. Nb3 d5 12. e5 Ng4 13. Bxe7 Qxe7 14. Qg3 f5 15. h3 Nh6 {1-0 (65) Sethuraman,S (2644)-Gupta,A (2612) chess.com INT 2020}) 10. Nb3 {White is slightly better.} Qc7 11. f4 a6 12. Bxc6 Bxc6 13. Rhe1 O-O-O 14. Nd4 h6 15. Bh4 g5 16. fxg5 Ng4 $1 17. h3 hxg5 {Hoping for ...Ne5.} 18. Nxc6 Qxc6 19. Bg3 Ne5 20. Bxe5 dxe5 21. Qf3 Rdf8 22. Rd3 Kb8 (22... Rh4 {with more complications.} 23. a3 Kb8 24. Kb1 f6 25. Qd1 Rfh8) 23. a3 f6 24. Kb1 Rc8 25. Red1 Rc7 26. Qe2 Rhc8 27. Qd2 Bc5 28. Na2 $2 (28. Rf1 $11) 28... Qxe4 $17 29. Rf1 Be7 30. Nc3 Qc4 {And now ...e4 would win.} 31. Re1 Qf4 32. Qd1 Qc4 $2 ({Black should try} 32... Qf2 $17 33. Re2 Qb6) 33. g4 (33. Qd2 $1 $11) 33... Qc6 34. Qd2 b5 {[%cal Bb7b5,Bb5b4][%mdl 32]} 35. Rc1 b4 $36 {[%mdl 2048] Keeping White busy.} 36. Na2 $2 {White does not recover from this.} (36. axb4 $17 Bxb4 37. Qe2) 36... bxa3 $19 37. Nb4 $2 (37. b4 {might work better.}) 37... Qc4 38. Rb3 {Strongly threatening Nxa6+.} Rb7 39. Nd3 Rxb3 40. cxb3 Qxb3 41. Rxc8+ Kxc8 42. Ka1 axb2+ 43. Nxb2 Qxh3 44. Qc2+ Kd8 45. Qe4 Qf1+ 46. Ka2 Qb5 47. Qa8+ Kd7 48. Ka1 Bc5 {Black mates.} 49. Qg8 {[#]} Bd4 $1 {[%csl Gd4][%cal Rb5b2]} 50. Qf7+ Kd6 {[%csl Gd4][%cal Rb5b2]} 51. Qf8+ Kd5 {[%csl Gd4][%cal Rb5b2]} 52. Qa8+ Qc6 53. Qd8+ Ke4 54. Qh8 Qc1+ {[%mdl 64] [#] Double Attack} 55. Ka2 Qxb2# {Weighted Error Value: White=0.53/Black=0.23} 0-1

[Event "FIDE Online-ch U16 Open 2020"]
[Site "Online"]
[Date "2020.12.19"]
[Round "2.2"]
[White "Huang, Renjie"]
[Black "Hong, Andrew"]
[Result "0-1"]
[WhiteElo "2422"]
[BlackElo "2449"]
[Annotator "TA"]
[PlyCount "82"]
[EventDate "2020.12.19"]
[EventType "k.o."]
[EventCountry "NET"]
[SourceTitle "playchess.com"]
[Source "ChessBase"]
[SourceQuality "1"]

{[%evp 28,82,0,0,0,-14,-12,-40,-41,-45,-49,-44,-42,-48,-43,-43,-34,-73,-81,-210,-230,-313,-308,-300,-293,-517,-514,-513,-511,-504,-496,-579,-542,-611,-610,-595,-583,-578,-565,-569,-556,-787,-761,-761,-734,-1549,-1950,-3166,-2766,-12839,-1667,-1417,-1497,-12845,-12845,-12846,-12846]} 1. e4 e5 2. Nf3 Nc6 3. Bb5 a6 4. Ba4 Nf6 5. O-O Nxe4 6. d4 b5 7. Bb3 d5 8. dxe5 Be6 9. c3 Bc5 10. Nbd2 O-O 11. Bc2 Nxf2 12. Rxf2 Bxf2+ 13. Kxf2 f6 14. exf6 Qxf6 15. Kg1 Rae8 {C82: Open Ruy Lopez: 9 c3 without 9...Be7.} 16. Nf1 Ne5 17. Ne3 Nxf3+ {Black is slightly better.} 18. Qxf3 Qxf3 19. gxf3 Rxf3 20. Bd2 Bh3 21. Re1 Ref8 22. Bd3 c5 {[#] And now ...d4 would win.} 23. Be2 $146 (23. Bf1 $17) ({Predecessor:} 23. Bf1 Bxf1 24. Rxf1 d4 25. Rxf3 Rxf3 26. cxd4 cxd4 27. Nf1 Rf6 28. b3 Kf7 29. a4 {0-1 (49) Oskooei,A-Ghari Zadeh,M Iran 1993}) 23... Rf2 $19 24. Bf1 ({Wrong is} 24. Nxd5 $2 Rg2+ 25. Kh1 Rxe2 $1 $19 {[%mdl 512]}) 24... Rxd2 25. Bxh3 Re8 {...Rd3 is the strong threat.} ({Less strong is} 25... Rxb2 26. Nxd5 Rxa2 27. Nb6 $19) 26. Nc2 $2 (26. Bd7 {was called for.} Re5 27. Bc6) 26... Rxe1+ {Black is clearly winning.} 27. Nxe1 Kf7 28. b4 c4 29. Nf3 Rc2 30. Be6+ Kf6 31. Bxd5 Rxc3 32. Kf2 Ra3 33. Ke2 Rxa2+ 34. Ke3 Rb2 35. Bb7 Rxb4 36. Bxa6 Rb3+ 37. Ke4 c3 {( -> ...c2)} 38. Nd4 {[#]} Rb2 (38... Rb4 $142 $1 39. Kd3 {[#]} Rxd4+ $1 {[%mdl 512]} 40. Kxc3 Rh4 41. Bxb5 Rxh2) 39. Kd3 b4 40. h4 Rd2+ 41. Ke3 {[#]} Rxd4 $1 {[%mdl 576] Promotion. White got outplayed after the opening.  Weighted Error Value: White=1.17/Black=0.30} 0-1